All Jack Harlow Songs - Statistics

General Stats
  • This quiz has been taken 332 times
    9 since last reset
  • The average score is 22 of 112
Answer Stats
Album Song % Correct
Sweet Action WHATS POPPIN
78%
Come Home the Kids Miss You Churchill Downs
67%
Single #7 Lovin On Me
67%
Jackman. Denver
56%
Come Home the Kids Miss You First Class
56%
Montero INDUSTRY BABY
56%
Monica Trade Places
56%
Come Home the Kids Miss You Young Harleezy
56%
Come Home the Kids Miss You Dua Lipa
44%
Come Home the Kids Miss You I'd Do Anything to Make You Smile
44%
Sweet Action I WANNA SEE SOME ASS
44%
Come Home the Kids Miss You Movie Star
44%
Come Home the Kids Miss You Nail Tech
44%
Come Home the Kids Miss You Poison
44%
Monica All of My Friends
33%
Madden NFL 21 Automatic
33%
Jackman. Gang Gang Gang
33%
Single #8 Hello Miss Johnson
33%
Sweet Action HEY BIG HEAD
33%
Single Eleven Just Us
33%
Come Home the Kids Miss You Like a Blade of Grass
33%
Monica Lonesome
33%
Monica Prague
33%
Monica Say Hello
33%
Come Home the Kids Miss You Side Piece
33%
Come Home the Kids Miss You State Fair
33%
Jackman. They Don't Love It
33%
Single #9 Tranquility
33%
Single Tyler Herro
33%
Sweet Action 2STYLISH
22%
Single #6 3D
22%
The Handsome Harlow 5-0
22%
Loose 9TH GRADE
22%
CONFETTI GHOST
22%
Come Home the Kids Miss You Lil Secret
22%
Monica Living Alone
22%
Monica Move Along
22%
Monica My Winter
22%
Jackman. Questions
22%
Single Ten Set You Free
22%
Sweet Action SMELLS LIKE INCENSE
22%
CONFETTI SUNDAY NIGHT
22%
Loose SUNDOWN
22%
Loose SYLVIA
22%
Come Home the Kids Miss You Talk of the Town
22%
CONFETTI THRU THE NIGHT
22%
CONFETTI WALK IN THE PARK
22%
CONFETTI WARSAW
22%
Monica Against the Grain
11%
Jackman. Ambitious
11%
Madden NFL 22 Ball Is Life
11%
CONFETTI BIG CHILLIN
11%
Jackman. Blame On Me
11%
Loose CAN'T CALL IT
11%
Loose CODY BANKS
11%
Jackman. Common Ground
11%
Gazebo Dark Knight
11%
Gazebo Detox
11%
Loose DRIP DROP
11%
Gazebo Eastern Parkway
11%
The Handsome Harlow Every Night
11%
CONFETTI GOIN BACK DOWN
11%
18 Got Me Thinking
11%
CONFETTI HEAVY HITTER
11%
CONFETTI ICE
11%
18 Ice Cream
11%
Come Home the Kids Miss You I Got a Shot
11%
18 I'm Good
11%
Jackman. Is That Ight?
11%
Jackman. It Can't Be
11%
Loose KNACK FOR IT
11%
Loose LIKE THIS
11%
18 Magazine
11%
Gazebo Maybe
11%
18 Never Woulda Known
11%
Jackman. No Enhancers
11%
Loose NUN FREE
11%
18 Obsessed
11%
Sweet Action ONCE MAY COMES
11%
Gazebo OnnaWay
11%
Sweet Action OUT FRONT
11%
Come Home the Kids Miss You Parent Trap
11%
Loose PICKYOURPHONEUP
11%
The Handsome Harlow Power Tools
11%
CONFETTI RAIN
11%
The Handsome Harlow Ridin' Round Town
11%
CONFETTI RIVER ROAD
11%
CONFETTI ROTTEN
11%
Gazebo Routine
11%
18 Selfish
11%
Loose SLIDE FOR ME
11%
18 The Chosen One
11%
Gazebo Tightrope
11%
Loose TOO MUCH
11%
Gazebo Used to Be
11%
Loose VACATE
11%
Gazebo Wasted Youth
11%
Single #2 Way Out
11%
Gazebo Woyne's Outro
11%
Finally Handsome All This Love
0%
Finally Handsome Birthday Money
0%
Finally Handsome Cruisin'
0%
Finally Handsome Family Vacation
0%
Finally Handsome Halfway Home
0%
Finally Handsome It's Pointless
0%
Single #3 I Won
0%
Finally Handsome Materialize
0%
Finally Handsome Same Routine
0%
Finally Handsome S.A.V.
0%
Single #5 SUVs
0%
The Handsome Harlow Two Toned
0%
Finally Handsome Winter Jacket
0%
No matching quizzes found
Score Distribution
Percent of People with Each Score
Percentile by Number Answered
Your Score History
You have not taken this quiz since the last reset